Random Facts About Each State - Statistics

General Stats
  • This quiz has been taken 28 times
  • The average score is 4 of 10
Answer Stats
Hint Answer % Correct
The state with the most golf courses Florida
91%
2nd lowest populated state by denisty Wyoming
73%
The name of this state was named after a British queen Maryland
68%
This state had the bloodiest battle in the civil war Pennsylvania
41%
This states has 127 Islands within its border Washington
32%
Toilet Paper Capital of the World Wisconsin
23%
Which state invented the Chocolate Chip Cookie Massachusetts
18%
This state was almost conjoined with its neighboring state Nevada
9%
This state produces the most amount of gypsum Oklahoma
9%
This state houses the smallest police station in the world South Carolina
9%
No matching quizzes found
Score Distribution
Percent of People with Each Score
Percentile by Number Answered
Your Score History
You have not taken this quiz